Cincinnati Reds Players - Sudden Death - Statistics

General Stats
  • This quiz has been taken 130 times
  • The average score is 15 of 21
Answers on the Grid
Answers color-coded by a green-red scale on the quiz's grid according to % correct below.
Al Kaline
Aroldis Chapman
Austin Hays
Barry Larkin
Brandon Phillips
Craig Kimbrel
Dave Parker
Dwight Gooden
Edwin Diaz
Elly de la Cruz
Eric Davis
Eugenio Suarez
Frank Robinson
Freddie Freeman
George Foster
Ivan Rodriguez
Jay Bruce
Joe Morgan
Joey Votto
Johnny Bench
Johnny Cueto
Kirby Puckett
Nolan Arenado
Pete Rose
Rajai Davis
Sandy Alcantara
Sparky Anderson
Todd Frazier
Tom Seaver
Tony Perez
Vada Pinson
Vida Blue
Yuli Gurriel
 
Answer Stats
Answer % Correct
Barry Larkin
91%
Elly de la Cruz
90%
Aroldis Chapman
85%
Brandon Phillips
84%
Joey Votto
84%
Johnny Bench
79%
Pete Rose
78%
Joe Morgan
75%
Todd Frazier
74%
Austin Hays
72%
Eric Davis
72%
Jay Bruce
72%
Johnny Cueto
72%
Eugenio Suarez
71%
George Foster
66%
Tony Perez
66%
Dave Parker
63%
Frank Robinson
57%
Sparky Anderson
54%
Tom Seaver
53%
Vada Pinson
32%
No matching quizzes found
Score Distribution
Percent of People with Each Score
Percentile by Number Answered
Your Score History
You have not taken this quiz